000 00329 a2200157 4500
001 62855
020 _a9788578270575
040 _cAnchieta - Pituba
100 _aQuino
240 1 0 _a10 anos de Mafalda
_lpor
245 1 0 _a10 anos de Mafalda
300 _a190
362 0 _a2010
650 4 _aLiteratura juvenil
942 _cBK
999 _c62855
_d62855